000 00528nmc a2200193 a 4500
003 AR-X00000XY
005 20251128212012.0
008 107020s1948 ||||||||||||||000 | spa||
040 _cAR-X00000XY
100 1 _aPieyre de Mandiargues, André
245 1 0 _aDans les années sordides
260 _aParis
_bGallimard
_c1948
300 0 _a181 p.
490 0 _aCollection Métamorphoses
_v32
500 0 _aCon dedicatoria manuscrita del autor a Alejandra Pizarnik
655 _aLITERATURA
942 _cBK
998 _cmartin
999 _c22010
_d22010